Les IGP de produits transformés en France - Statistiques

Statistiques générales
  • Ce quiz a été pris 42 fois
  • Le résultat moyen est 2 sur 9
Statistiques - réponses
Produit Indice % Correct
Sel de Guérande
97%
Brioche vendéenne
53%
Moutarde de Bourgogne
24%
Raviole du Dauphiné
21%
Gâche vendéenne
18%
Bergamote de Nancy
15%
Pâtes d'Alsace
9%
Farine de blé noir de Bretagne
0%
Pâté de campagne breton
0%
Aucun quiz correspondant
Distribution des résultats
% des personnes avec chaque résultat
Percentile par nombre de réponses
Votre historique - résultats
Vous n’avez pas pris ce quiz